000
00173nam a2200085 4500
001
1258367
005
20260310100805.0
245
_a
BEYAZ DİŞ
_c
JACK LONDON
260
_b
PARILTI
999
_c
1258367
_d
1258367